Missa pontificalis secunda a tre voci miste con organo (Record n. 103234)

Dettagli MARC
000 -LEADER
fixed length control field 01052njm a2200289Ia 4500
001 - CONTROL NUMBER
control field 20307
003 - CONTROL NUMBER IDENTIFIER
control field IT-RoPAU
005 - DATE AND TIME OF LATEST TRANSACTION
control field 20220918181204.0
008 - FIXED-LENGTH DATA ELEMENTS--GENERAL INFORMATION
fixed length control field 131025s9999 xx 000 0 und d
040 ## - CATALOGING SOURCE
Original cataloging agency IT-RoPAU
040 ## - CATALOGING SOURCE
Transcribing agency IT-RoPAU
041 ## - LANGUAGE CODE
Language code of text/sound track or separate title LATINO
999 ## - SYSTEM CONTROL NUMBERS (KOHA)
Koha Dewey Subclass [OBSOLETE] n.d.
100 ## - MAIN ENTRY--PERSONAL NAME
Personal name Perosi Lorenzo
9 (RLIN) 1325
100 ## - MAIN ENTRY--PERSONAL NAME
Relator term Autore musica
9 (RLIN) 1326
100 ## - MAIN ENTRY--PERSONAL NAME
Miscellaneous information Codice autore musica SPICS: 8117
9 (RLIN) 1327
245 ## - TITLE STATEMENT
Title Missa pontificalis secunda a tre voci miste con organo
250 ## - EDITION STATEMENT
Edition statement 1a ed.
260 ## - PUBLICATION, DISTRIBUTION, ETC. (IMPRINT)
Place of publication, distribution, etc. ITALIA
260 ## - PUBLICATION, DISTRIBUTION, ETC. (IMPRINT)
Name of publisher, distributor, etc. ANGELICUM
Date of publication, distribution, etc. 1971 [1a Ed.:1971 - Ed. Lingua Orig.: 1897]
300 ## - PHYSICAL DESCRIPTION
Extent DISCO
500 ## - GENERAL NOTE
General note Musica liturgica religiosa
505 ## - FORMATTED CONTENTS NOTE
Formatted contents note Kyrie - Gloria - Credo - Sanctus - Benedictus - Agnus Dei - Tantum Ergo a 3 voci pari - Magnificat a 2 voci pari e organo - Te Deum a 3 voci pari (Coro Polifonico di Milano diretto da Giulio Bertola)
511 ## - PARTICIPANT OR PERFORMER NOTE
Participant or performer note Coro della Cappella dell'Immacolata di Bergamo diretto da Corbetta Egidio
650 ## - SUBJECT ADDED ENTRY--TOPICAL TERM
Topical term or geographic name as entry element LITURGICO [DISCHI]
Relator term Codice MATERIA SPICS: 9950
9 (RLIN) 966
942 ## - ADDED ENTRY ELEMENTS (KOHA)
Koha item type DISCHI
Source of classification or shelving scheme Dewey Decimal Classification
Dati di copia
Withdrawn status Lost status Damaged status Not for loan Home library Current library Date acquired Total Checkouts Full call number Date last seen Price effective from Koha item type Public note
    Buone Condizioni Not For Loan SPICS-MEDIATECA SPICS-MEDIATECA 25/10/2013   20307 25/10/2013 25/10/2013 DISCHI Progr. Ins.: 3619 / N.Vol.: 1 / Copie: 1 - Copia rara: n.d. / date import: 01.01.2014 - By Epidotti, Trombetti, Vaglietti
CREDITS: SOCIETA' SAN PAOLO Via A.Severo, 58 - ROMA (RM) & PERIODICI SAN PAOLO SRL Via Giotto, 36 MILANO & CISF Via Giotto, 36 MILANO & EDIZIONI SAN PAOLO SRL,  Piazza Soncino, 5 CINISELLO BALSAMO (MI) -- ITALY